Reflexiones sobre la filosofía del hombre en Ortega y Gasset /
Guardado en:
| Hovedforfatter: | |
|---|---|
| Format: | Bog |
| Sprog: | spansk |
| Udgivet: |
México :
edición de autor,
1981
|
| Fag: | |
| Tags: |
Ingen Tags, Vær først til at tagge denne postø!
|
MARC
| LEADER | 00000nam^a2200000^a^4500 | ||
|---|---|---|---|
| 001 | 000442724 | ||
| 005 | 20250521000000.0 | ||
| 009 | 20260526145125.133 | ||
| 037 | |a Acervo Xavier Clavigero | ||
| 041 | |a ESP | ||
| 082 | |a 147. |b ORT EST JIM | ||
| 100 | |a Jiménez Higuera, Aracely Guadalupe |e (autor) | ||
| 245 | 1 | 0 | |a Reflexiones sobre la filosofía del hombre en Ortega y Gasset / |c A.G. Jiménez Higuera. |
| 264 | 1 | |a México : |b edición de autor, |c 1981 | |
| 300 | |a 81 p. | ||
| 336 | |a texto |b txt |2 rdacontenido | ||
| 337 | |a sin mediación |b n |2 rdamedio | ||
| 338 | |a volumen |b nc |2 rdasoporte | ||
| 545 | 0 | |a José Ortega y Gasset (1883-1955), filósofo, español y periodista español, representante principal de la corriente filosófica raciovitalista y adscrito al movimiento cultural, estético y literario denominado novencentismo; colaborador del diario El Sol y fundador de la revista España y la Revista de Occidente. La influencia de su pensamiento se localiza en su extensa obra, entre las que se encuentran Meditaciones del Quijote, El espectador, España invertebrada, La rebelión de las masas, el tema de nuestro tiempo, Sobre la razón histórica, Historia como sistema, ¿Qué es filosofía?, entre otras. | |
| 593 | |a Tesina de Lic. en Filosofía, Universidad Iberoamericana Ciudad de México | ||
| 649 | |a XX | ||
| 650 | |a Filósofos Españoles | ||
| 650 | |a Realidad | ||
| 650 | |a Ser (Filosofía) | ||
| 650 | |a Vida Humana | ||
| 650 | |a Antropología Filosófica - |x Tema Principal | ||
| 650 | |a Humanismo | ||
| 650 | |a Teología | ||
| 650 | |a Vitalismo - |x Historia y Crítica - |x Tema Principal | ||
| 650 | |a Racionalismo - |x Historia y Crítica - |x Tema Principal | ||
| 650 | |a Filosofía del Siglo XX - |x Historia y Crítica | ||
| 650 | |a Filosofía Española - |x Historia y Crítica | ||
| 650 | |a Ortega y Gasset, José - |x Tema Principal | ||
| 910 | |a Fondo Víctor Raúl Durana Valerio S.J. | ||
| 920 | |a Impresos - Tesis Externas | ||
| 930 | |a Fondos Especiales | ||
| 905 | |a 116 | ||
| 901 | |a 0500370024 |b IT2 |c ESP |i D4756 |u 20250521 | ||
| 902 | |a https://opac.biblio.iteso.mx/vufind/Record/000442724 | ||